| 000 | 00687nam a2200241 a 4500 | ||
|---|---|---|---|
| 999 |
_c12470 _d12470 |
||
| 001 | 12470 | ||
| 003 | BD-JhCC | ||
| 005 | 20220226104332.0 | ||
| 008 | 220226b20142016BG |||| ||a| 001 0 eng d | ||
| 020 | _a9789848471258 | ||
| 035 | _a(BD-JhCC)12470 | ||
| 040 |
_aBD-JhCC _dBD-JhCC |
||
| 041 | _aEnglish | ||
| 082 |
_a340.1 _bKHA 2016 |
||
| 100 | _aKhan, Md. Maimul Ahsan | ||
| 245 |
_aIntroduction to Lagal Theories Basic Jurisprudential Studies / _cMd. Maimul Ahsan Khan. |
||
| 260 |
_aDhaka : _bBangladesh Institute of Islamic Thought; _c2016. |
||
| 300 |
_a805 p. : _c24 cm. |
||
| 650 | _aComparative Law | ||
| 650 | _aLaw-------Philosophy | ||
| 942 |
_2ddc _cBK |
||